00601nmm a2200193Ia 4500008004100000020001800041041000800059100002600067245007100093264005100164300001800215490001800233650003000251700002600281700002500307856005100332942000700383999001700390251105s9999||||xx |||||||||||||||||und|| a9788427721913 aspa aCharleux , François 0aMotivar y animar equipos en trabajo social : Guía muy práctica a[Madrid, España] :bNarcea Ediciones, c2016 a136 páginas aSociocultural aSocial Sciences (General) aCharleux , François1 a Loubat, Jean-René uhttps://public.digitaliapublishing.com/a/44243 cCF c63915d63915